[Event "Snorlax # 6"]
[Site "SchemingMind.com"]
[Date "2008.09.10"]
[Round "-"]
[White "chessleon"]
[Black "Joe Daudish"]
[Result "0-1"]
[WhiteCountry "NED"]
[BlackCountry "USA"]
[WhiteElo "1590"]
[WhiteRD "75"]
[BlackElo "1759"]
[BlackRD "45"]
[GameID "170611"]

1. c4 e6 2. d4 d5 3. g3 Nf6 4. Bg2 Be7 5. Nf3 c5 6. cxd5 Nxd5 7. e4 Nf6 8. Nc3 Nc6 9. d5 exd5 10. exd5 Nb4
11. Ne5 O-O 12. a3 Na6 13. Be3 Bd6 14. f4 Re8 15. Qd3 Bxe5 16. fxe5 Rxe5 17. O-O Bd7 18. Bf4 Re8 19. Ne4 Nxe4 20. Bxe4 h6
21. Rae1 Nc7 22. Bxc7 Qxc7 23. Bh7+ Kf8 24. Qg6 Bh3 25. Rxe8+ Rxe8 26. d6 Qd7 27. Qd3 Bxf1 28. Kxf1 Rd8 29. Bf5 Qxd6 30. Qxd6+ Rxd6
31. Be4 b6 32. Ke2 Ke7 33. Ke3 Ke6 34. g4 Ke5 35. Bf3 f5 36. gxf5 Kxf5 37. h3 a5 38. Bg4+ Ke5 39. Bc8 b5 40. b3 b4
41. a4 Rd4 42. Bb7 c4 43. bxc4 Rxc4 44. Ba6 Rc3+
0-1

[Event "Snorlax # 6"]
[Site "SchemingMind.com"]
[Date "2008.09.10"]
[Round "-"]
[White "Joe Daudish"]
[Black "chessleon"]
[Result "1/2-1/2"]
[WhiteCountry "USA"]
[BlackCountry "NED"]
[WhiteElo "1759"]
[WhiteRD "45"]
[BlackElo "1590"]
[BlackRD "75"]
[GameID "170612"]

1. d4 f5 2. Bf4 Nf6 3. h3 d6 4. Nf3 g6 5. e3 Bg7 6. Bc4 d5 7. Bb3 c6 8. O-O O-O 9. Nbd2 Be6 10. c4 dxc4
11. Bxc4 Bxc4 12. Nxc4 Qd5 13. b3 Nbd7 14. Re1 b5 15. Nce5 Nxe5 16. Bxe5 Ne4 17. Bxg7 Kxg7 18. Qc2 Rfc8 19. Nd2 Nxd2 20. Qxd2 e5
21. Red1 e4 22. Rac1 Rc7 23. Rc5 Qd7 24. Qc3 Rac8 25. b4 Kf6 26. d5+ Kf7 27. Qe5 cxd5 28. Rdxd5 Qe7 29. Qxe7+ Kxe7 30. Rxc7+ Rxc7
31. Rxb5 Rc1+ 32. Kh2 Rc2 33. Rb7+ Kd6 34. Kg3 Rxa2 35. Rxh7 Ra4 36. Rg7 Rxb4 37. Rxa7 Rb6 38. h4 Ke6 39. Ra3 Kf6 40. f3 exf3
41. gxf3 Rb4 42. Ra6+ Kg7 43. Rd6 Rb3 44. Kf4 Rb4+ 45. Rd4 Rb6 46. e4 fxe4 47. fxe4 Rf6+ 48. Kg5 Rf7 49. h5 gxh5 50. Kxh5 Kf6
51. Kg4 Ke5 52. Ra4=
1/2-1/2

[Event "Snorlax # 6"]
[Site "SchemingMind.com"]
[Date "2008.09.15"]
[Round "-"]
[White "Negrito19"]
[Black "chessleon"]
[Result "0-1"]
[WhiteCountry "ARG"]
[BlackCountry "NED"]
[WhiteElo "1608"]
[WhiteRD "66"]
[BlackElo "1677"]
[BlackRD "76"]
[GameID "170903"]

1. e4 c5 2. Bc4 e6 3. Nf3 Nc6 4. a3 a6 5. Nc3 Qc7 6. d4 cxd4 7. Nxd4 Nf6 8. g3 Nxd4 9. Qxd4 Bc5 10. Qd3 O-O
11. Bf4 Qb6 12. Be3 Bxe3 13. Qxe3 Qxe3+ 14. fxe3 b5 15. Bd3 Bb7 16. O-O-O d5 17. exd5 Nxd5 18. Nxd5 Bxd5 19. e4 Bb7 20. Rhf1 Rac8
21. Rf4 Rfd8 22. Rh4 g6 23. e5 Bf3 24. Rf1 Rxd3 25. Rf4 Be2 26. Re1 Bf3 27. Rf1 Bd5 28. Kb1 Rd2 29. c3 Bb3 30. Kc1 Rcd8
31. Rd4 R8xd4 32. cxd4 Rxd4 33. h4 Re4 34. Kd2 Rxe5 35. Rf3 Bc4 36. b3 Bd5 37. Rc3 Rf5 38. Ke2 g5 39. h5 g4 40. h6 Kf8
41. Rc8+ Ke7 42. Rh8 Re5+ 43. Kd3 Re1 44. Kd2 Rg1 45. Rxh7 Be4 46. Rg7 Rxg3 47. h7 Rh3 48. h8=Q Rxh8 49. Rxg4 Bf5 50. Rf4 Kf6
51. Kc3 Rc8+ 52. Kb4 Rd8 53. Ka5 Rd6 54. Kb4 e5 55. Rf2 e4 56. Kc5 Rd3 57. Rb2 e3 58. Kb6 Rd2 59. Rxd2 exd2 60. Kxa6 Bd3
61. a4 bxa4+ 62. Ka5 d1=Q 63. Kxa4 Bc4 64. Kb4 Qxb3+ 65. Kc5 Ke5 66. Kc6 Qb5+ 67. Kc7 Be6 68. Kd8 Qd7#
0-1

[Event "Snorlax # 6"]
[Site "SchemingMind.com"]
[Date "2008.09.15"]
[Round "-"]
[White "Negrito19"]
[Black "Joe Daudish"]
[Result "0-1"]
[WhiteCountry "ARG"]
[BlackCountry "USA"]
[WhiteElo "1608"]
[WhiteRD "66"]
[BlackElo "1728"]
[BlackRD "43"]
[GameID "170904"]

1. e4 e6 2. Nc3 d5 3. exd5 exd5 4. d4 Nf6 5. Bg5 Be7 6. g3 h6 7. Bxf6 Bxf6 8. Bg2 c6 9. Qd3 O-O 10. O-O-O Be6
11. f4 Qc8 12. h4 Bf5 13. Bh3 Bxh3 14. Rxh3 Na6 15. a3 Nc7 16. f5 a6 17. g4 Be7 18. Nf3 Bd6 19. Kb1 b5 20. h5 f6
21. Rg1 b4 22. axb4 Bxb4 23. Na2 Bd6 24. c4 Re8 25. Nc3 Bb4 26. Na2 a5 27. Nxb4 axb4 28. Nd2 Qa6 29. Nb3 dxc4 30. Qf1 Qa2+
31. Kc2 cxb3+ 32. Rxb3 Nd5 33. Qc4 Qa6 34. Qxa6 Rxa6 35. Rf3 Kf7 36. Rc1 Re4 37. Kd3 Rxg4 38. b3 Rh4 39. Rg3 Rxh5 40. Rcg1 Rg5
41. Rxg5 fxg5 42. Kc4 Ne3+ 43. Kxb4 Nxf5 44. Rf1 g6 45. Kc5 g4 46. b4 g3 47. b5 cxb5 48. Kxb5 Rf6 49. Rd1 g5 50. d5 h5
51. Kc5 h4 52. d6 Nxd6 53. Rxd6 Rxd6 54. Kxd6 g2 55. Ke5 g1=Q 56. Kf5 h3 57. Ke4 h2 58. Kd5 h1=Q+ 59. Kc4 Qc6+ 60. Kd3 Qd5+
0-1

[Event "Snorlax # 6"]
[Site "SchemingMind.com"]
[Date "2008.09.15"]
[Round "-"]
[White "chessleon"]
[Black "Negrito19"]
[Result "1/2-1/2"]
[WhiteCountry "NED"]
[BlackCountry "ARG"]
[WhiteElo "1590"]
[WhiteRD "75"]
[BlackElo "1611"]
[BlackRD "67"]
[GameID "170905"]

1. c4 e5 2. Nc3 Nf6 3. g3 c6 4. Bg2 a6 5. e3 b5 6. cxb5 axb5 7. Nxb5 Ra5 8. Nc3 Ba6 9. Nge2 d5 10. d4 e4
11. O-O Bd6 12. a3 c5 13. Bd2 Bd3 14. Re1 Nc6 15. dxc5 Bxc5 16. b4 Bxb4 17. axb4 Nxb4 18. Rxa5 Qxa5 19. Nd4 h5 20. Qa4+ Qxa4
21. Nxa4 Nc2 22. Nxc2 Bxc2 23. Nc3 h4 24. h3 g5 25. Rc1 Bd3 26. Bf1 Bxf1 27. Rxf1 hxg3 28. fxg3 Rxh3 29. Rxf6 Rxg3+ 30. Kf2 Rh3
31. Nxd5 g4 32. Rf4 g3+ 33. Kg2 Rh2+ 34. Kf1 Rxd2 35. Rxe4+ Kf8 36. Nf4 Kg7 37. Ng2 Rf2+ 38. Kg1 f6 39. Rg4+ Kf7 40. Rxg3 Rd2
41. Nf4 f5 42. Ng6 Rd6 43. Nh4 Rf6 44. Rf3 Ke6 45. e4 fxe4 46. Re3 Ke5 47. Kg2 Kd4 48. Rg3 e3 49. Kg1 Kd3 50. Ng2 Re6
51. Rxe3+=
1/2-1/2

[Event "Snorlax # 6"]
[Site "SchemingMind.com"]
[Date "2008.09.15"]
[Round "-"]
[White "Joe Daudish"]
[Black "Negrito19"]
[Result "0-1"]
[WhiteCountry "USA"]
[BlackCountry "ARG"]
[WhiteElo "1728"]
[WhiteRD "43"]
[BlackElo "1608"]
[BlackRD "66"]
[GameID "170906"]

1. d4 d5 2. Nf3 Nc6 3. Bf4 f6 4. e3 Bg4 5. Be2 g5 6. Bg3 h5 7. h3 Bf5 8. c3 Nh6 9. Bd3 Bxd3 10. Qxd3 Qd7
11. Qg6+ Nf7 12. Nbd2 e6 13. Qxf6 Rh6 14. Qxh6 Nxh6 15. Nxg5 Nf5 16. Bf4 O-O-O 17. Ngf3 Bd6 18. Bxd6 Qxd6 19. O-O-O Rg8 20. g3 Na5
21. Kc2 Qa6 22. a3 Qe2 23. Rhf1 Nc4 24. Rde1 Ncxe3+ 25. fxe3 Nxe3+ 26. Kc1 Qd3 27. Rxe3 Qxe3 28. g4 hxg4 29. hxg4 Rxg4 30. Ne5 Rg1
31. Kc2 Rxf1 32. Nxf1 Qe4+ 33. Kd1 Qb1+ 34. Ke2 Qxb2+ 35. Kd3 Qxa3 36. Ne3 c5 37. dxc5 Qxc5 38. Nc2 Kc7 39. Nd4 Kd6 40. Nf7+ Ke7
41. Ne5 a5 42. Nc2 Qd6 43. Ng4 Qg3+ 44. Nge3 e5 45. Ke2 Qh2+ 46. Kd3 e4+ 47. Kd4 Qd2+ 48. Kc5 Ke6 49. Nd4+ Ke5 50. Nxd5 a4
51. Kc4 a3 52. Nb4 a2 53. Nbc2 Kf4 54. Kb3 e3 55. Nxe3 a1=Q 56. Nd5+ Ke4 57. Nf6+ Kd3 58. Nd5 Qdb2#
0-1

[Event "Snorlax # 6"]
[Site "SchemingMind.com"]
[Date "2008.09.17"]
[Round "-"]
[White "rampichino"]
[Black "chessleon"]
[Result "0-1"]
[WhiteCountry "ITA"]
[BlackCountry "NED"]
[WhiteElo "1118"]
[WhiteRD "78"]
[BlackElo "1590"]
[BlackRD "75"]
[GameID "171449"]

1. e4 c5 2. c3 Nf6 3. e5 Nd5 4. d4 cxd4 5. Nf3 e6 6. cxd4 Nc6 7. Bc4 Nb6 8. Bb3 d5 9. Be3 Bb4+ 10. Nc3 Bxc3+
0-1

[Event "Snorlax # 6"]
[Site "SchemingMind.com"]
[Date "2008.09.25"]
[Round "-"]
[White "admiradordebrahms"]
[Black "Negrito19"]
[Result "1-0"]
[WhiteCountry "COL"]
[BlackCountry "ARG"]
[WhiteElo "1824"]
[WhiteRD "96"]
[BlackElo "1611"]
[BlackRD "67"]
[GameID "172042"]

1. e4 e5 2. Nf3 Nf6 3. Nc3 d6 4. d4 Bg4 5. dxe5 Bxf3 6. Qxf3 dxe5 7. Bg5 Be7 8. Rd1 Nbd7 9. Bxf6 Bxf6 10. Bc4 c6
11. O-O b5 12. Bb3 Qe7 13. a3 a5 14. Qg4 g6 15. a4 h5 16. Qe2 b4 17. Na2 Nc5 18. Qc4 h4 19. c3 bxc3 20. bxc3 Rb8
21. Rb1 g5 22. Nc1 g4 23. Nd3 Nxb3 24. Rxb3 Rxb3 25. Qxb3 Qc7 26. f4 exf4 27. Rxf4 g3 28. Rxf6 gxh2+ 29. Kh1 Rh5 30. Nf4 Rg5
31. Qd1 Qe5 32. Rxc6 Qxf4 33. Rc8+ Ke7 34. Qd8+ Ke6 35. Rc6+ Ke5 36. Qe8#
1-0

[Event "Snorlax # 6"]
[Site "SchemingMind.com"]
[Date "2008.09.25"]
[Round "-"]
[White "admiradordebrahms"]
[Black "chessleon"]
[Result "0-1"]
[WhiteCountry "COL"]
[BlackCountry "NED"]
[WhiteElo "1821"]
[WhiteRD "82"]
[BlackElo "1677"]
[BlackRD "76"]
[GameID "172044"]

1. e4 d6 2. d4 Nf6 3. Nc3 g6 4. Nf3 Bg7 5. Bc4 O-O 6. O-O c6 7. e5 dxe5 8. dxe5 Ng4 9. Qe2 Qc7 10. e6 f6
11. h3 Nh6 12. a3 Na6 13. b4 Qb6 14. Be3 Qc7 15. Rad1 f5 16. Bxh6 Bxh6 17. Qe5 Qxe5 18. Nxe5 Nc7 19. Nd7 Re8 20. Rfe1 Bf4
21. Nc5 Bd6 22. Nb3 b5 23. Bf1 Nxe6 24. Nd4 Nxd4 25. Rxd4 Bd7 26. g3 Rad8 27. Nb1 c5 28. bxc5 Bxc5 29. Rd5 Bd6 30. Bxb5 Bxb5
31. Rxb5 Ra8 32. f4 a6 33. Ra5 Rec8 34. Re2 Rc5 35. Ra4 a5 36. c4 Rb8 37. Nc3 Rb3 38. Re3 Rc8 39. Nd5 Rxe3 40. Nxe3 Bc5
41. Kf2 Rb8 42. Rxa5 Rb2+ 43. Kf3 Bd4 44. Rb5 Ra2 45. Rb3 Ra1 46. Rb8+ Kf7 47. Ra8 Re1 48. Nd5 e6 49. Ra7+ Ke8 50. Nc7+ Kd7
51. c5 Bxc5 52. Rb7 Kc6
0-1

[Event "Snorlax # 6"]
[Site "SchemingMind.com"]
[Date "2008.09.25"]
[Round "-"]
[White "admiradordebrahms"]
[Black "Joe Daudish"]
[Result "0-1"]
[WhiteCountry "COL"]
[BlackCountry "USA"]
[WhiteElo "1824"]
[WhiteRD "96"]
[BlackElo "1759"]
[BlackRD "45"]
[GameID "172045"]

1. e4 e6 2. d4 d5 3. exd5 Qxd5 4. Nc3 Qd8 5. Nf3 Nf6 6. Bc4 Be7 7. O-O c6 8. Re1 O-O 9. Ne5 Nbd7 10. a3 Nd5
11. Nxd7 Bxd7 12. Ne4 b5 13. Bd3 Nf6 14. Nxf6+ Bxf6 15. Be3 Re8 16. h4 Bxh4 17. c4 a6 18. a4 Bf6 19. Bf4 b4 20. Be5 a5
21. c5 Bc8 22. Be4 Bb7 23. Qf3 Rc8 24. b3 Bxe5 25. dxe5 Qd4 26. Qd3 Qxc5 27. Bxh7+ Kf8 28. Qf3 Qe7 29. Re4 c5 30. Qh5 Bxe4
31. Rd1 Bxh7 32. Qxh7 f5 33. exf6 Qxf6 34. Rd7 Qh6 35. Qxh6 gxh6 36. Ra7 Ra8
0-1

[Event "Snorlax # 6"]
[Site "SchemingMind.com"]
[Date "2008.09.22"]
[Round "-"]
[White "Negrito19"]
[Black "admiradordebrahms"]
[Result "1-0"]
[WhiteCountry "ARG"]
[BlackCountry "COL"]
[WhiteElo "1611"]
[WhiteRD "67"]
[BlackElo "1824"]
[BlackRD "96"]
[GameID "172046"]

1. e4 d5 2. exd5 Qxd5 3. Nc3 Qd6 4. d4 c6 5. g3 e5 6. Qe2 Qxd4 7. Be3 Qd8 8. Rd1 Nd7 9. Nf3 Ngf6 10. Nxe5 Be7
11. Bh3 O-O 12. O-O Qc7 13. Nxd7 Bxd7 14. Bxd7 Nxd7 15. Bf4 Qd8 16. Qg4 f5 17. Qf3 Bc5 18. Rd3 Qe7 19. Rfd1 Ne5 20. Bxe5 Qxe5
21. Rd7 Rf7 22. Rxf7 Kxf7 23. Rd7+ Kg8 24. Rxb7 Qe6 25. b4 Bd4 26. Ne2 Bb6 27. Nf4 Qe4 28. Qxe4 fxe4 29. Re7 g5 30. Ne6 h6
31. c4 a5 32. c5 Ra7 33. Re8+ Kf7 34. cxb6 Ra6 35. b7 Rb6 36. b8=Q Rxb8 37. Rxb8 axb4 38. Nd8+
1-0

[Event "Snorlax # 6"]
[Site "SchemingMind.com"]
[Date "2008.09.22"]
[Round "-"]
[White "chessleon"]
[Black "admiradordebrahms"]
[Result "1-0"]
[WhiteCountry "NED"]
[BlackCountry "COL"]
[WhiteElo "1677"]
[WhiteRD "76"]
[BlackElo "1821"]
[BlackRD "82"]
[GameID "172048"]

1. e4 d5 2. Nc3 Nf6 3. e5 d4 4. exf6 dxc3 5. bxc3 gxf6 6. Nf3 Bg4 7. h3 Bh5 8. g4 Bg6 9. Bg2 Qd5 10. O-O Qe6
11. Re1 Qa6 12. d4 Nc6 13. Be3 O-O-O 14. Bf1 Qa5 15. Qd2 e5 16. Nh4 exd4 17. cxd4 Qxd2 18. Bxd2 Bxc2 19. Be3 Nxd4 20. Rac1 Bb4
21. Bxd4 Bxe1 22. Bxf6 Bxf2+ 23. Kxf2 Ba4 24. Bxh8 Rxh8 25. Bc4 f6 26. Be6+ Kb8 27. Nf5 h5 28. gxh5 Rxh5 29. Ng3 Re5 30. Bg4 Bc6
31. Be2 Ra5 32. Rc2 f5 33. h4 f4 34. Nf1 Bd5 35. Rd2 c6 36. Bf3 Bxa2 37. Rb2 Bd5 38. Nd2 Bf7 39. Bxc6 Ra2 40. Rxb7+ Kc8
41. Rxf7 Rxd2+ 42. Kf3 Rd6 43. Be4 Kb8 44. Rxf4 a5 45. Rf8+ Ka7 46. h5 a4 47. Ra8+
1-0

[Event "Snorlax # 6"]
[Site "SchemingMind.com"]
[Date "2008.09.23"]
[Round "-"]
[White "Joe Daudish"]
[Black "admiradordebrahms"]
[Result "0-1"]
[WhiteCountry "USA"]
[BlackCountry "COL"]
[WhiteElo "1728"]
[WhiteRD "43"]
[BlackElo "1821"]
[BlackRD "82"]
[GameID "172049"]

1. d4 d5 2. Nf3 Nf6 3. Bf4 c5 4. e3 Nc6 5. h3 e6 6. Be2 Qb6 7. b3 cxd4 8. exd4 Be7 9. c3 h6 10. Nbd2 O-O
11. O-O a5 12. Ne5 Nxe5 13. Bxe5 Nd7 14. Bg3 Bd6 15. Bxd6 Qxd6 16. Nf3 b6 17. a4 Bb7 18. Qd2 Rfe8 19. Bd3 e5 20. dxe5 Nxe5
21. Nxe5 Qxe5 22. Rac1 d4 23. cxd4 Qd5 24. f3 Qxb3 25. Bb5 Red8 26. Rc7 Ba6 27. Bxa6 Rxa6 28. Qe2 Raa8 29. Rb7 Rxd4 30. Re1 Rxa4
31. Qe7 Rf8 32. Qd6 Qb4 33. Rd1 Qc5+ 34. Qxc5 bxc5 35. Rc7 Rc4 36. Rd5 Ra8 37. Rdxc5 Rxc5 38. Rxc5 Kf8 39. Kf2 Ke7 40. Ke3 Kd6
41. Rc2 Kd5 42. Kd3 g5 43. Ra2 a4 44. Ra3 Kc5 45. Kc3 Kb5 46. g3 Rc8+ 47. Kb2 Rc4 48. Re3 Kb4 49. Re4 a3+ 50. Ka2 Rxe4
51. fxe4 Kc4 52. Kxa3 Kd4 53. Kb3 Kxe4 54. g4 Kf4 55. Kc4 Kg3 56. Kd4 Kxh3 57. Ke3 Kxg4 58. Kf2 h5 59. Kg2 h4 60. Kh2 f5
61. Kg2 f4 62. Kh2 f3 63. Kg1 Kf4 64. Kf2 Ke4 65. Kf1 Ke3 66. Kg1 Ke2 67. Kh1 f2 68. Kh2 g4
0-1

[Event "Snorlax # 6"]
[Site "SchemingMind.com"]
[Date "2008.09.21"]
[Round "-"]
[White "mooch"]
[Black "Negrito19"]
[Result "1-0"]
[WhiteCountry "ENG"]
[BlackCountry "ARG"]
[WhiteElo "1800"]
[WhiteRD "74"]
[BlackElo "1611"]
[BlackRD "67"]
[GameID "172053"]

1. Nf3 d5 2. d4 Nf6 3. Bf4 Nc6 4. e3 Bf5 5. Nbd2 Nb4 6. Bb5+ c6 7. Ba4 b5 8. Bb3 a5 9. a3 Na6 10. c3 e6
11. Ne5 Rc8 12. O-O Ne4 13. Nxe4 Bxe4 14. f3 Bg6 15. Nxg6 hxg6 16. Qe2 Bd6 17. Bxd6 Qxd6 18. g3 Nc7 19. f4 f6 20. Bc2 Kf7
21. Qg4 f5 22. Qe2 Rh3 23. Rf2 Rch8 24. Bd3 Ne8 25. g4 Nf6 26. g5 Nh5 27. Rf3 Ng3 28. Rxg3 Rxh2 29. Qxh2 Rxh2 30. Kxh2 b4
31. axb4 axb4 32. Rh3 Qb8 33. c4 b3 34. Ra4 dxc4 35. Bxc4 Ke7 36. Rh7 Qg8 37. Ra7+ Kd6 38. Raxg7 Qc8 39. Rd7+ Qxd7 40. Rxd7+ Kxd7
41. Bxb3 Kd6 42. Bc4 c5 43. Kg2 cxd4 44. exd4 Ke7 45. b4 Kd6 46. b5 Kd7 47. d5 exd5 48. Bxd5 Kc7 49. Kf3 Kb6 50. Bc6 Kc7
51. Ke3 Kb6 52. Kd4 Kc7 53. Ke5 Kb6 54. Kf6 Kc7 55. Kxg6 Kd6 56. Kf6 Kc7 57. g6 Kd8 58. g7 Kc7 59. g8=Q Kb6 60. Qd8+ Kc5
61. Kxf5 Kb4 62. b6 Kc5 63. Be4 Kb5 64. b7 Ka6 65. b8=R
1-0

[Event "Snorlax # 6"]
[Site "SchemingMind.com"]
[Date "2008.09.21"]
[Round "-"]
[White "mooch"]
[Black "chessleon"]
[Result "1-0"]
[WhiteCountry "ENG"]
[BlackCountry "NED"]
[WhiteElo "1800"]
[WhiteRD "74"]
[BlackElo "1590"]
[BlackRD "75"]
[GameID "172055"]

1. Nf3 Nf6 2. d4 g6 3. b3 Bg7 4. Bb2 O-O 5. Nbd2 d6 6. e4 c6 7. e5 dxe5 8. dxe5 Nd5 9. c4 Nc7 10. Be2 Bg4
11. h3 Bxf3 12. Nxf3 e6 13. O-O Qe7 14. a4 Qb4 15. Ba3 Qc3 16. Bxf8 Bxf8 17. Rb1 Nd7 18. Qxd7 Na6 19. Qxb7
1-0

[Event "Snorlax # 6"]
[Site "SchemingMind.com"]
[Date "2008.09.20"]
[Round "-"]
[White "mooch"]
[Black "Joe Daudish"]
[Result "1-0"]
[WhiteCountry "ENG"]
[BlackCountry "USA"]
[WhiteElo "1811"]
[WhiteRD "78"]
[BlackElo "1728"]
[BlackRD "43"]
[GameID "172056"]

1. Nf3 e6 2. e4 d5 3. exd5 Qxd5 4. Nc3 Qd8 5. d4 Nf6 6. Be2 Be7 7. O-O O-O 8. Be3 b6 9. Ne5 Bb7 10. Bf3 Bxf3
11. Qxf3 Nbd7 12. Nc6 Qe8 13. Nxe7+ Qxe7 14. Rfe1 c5 15. dxc5 Nxc5 16. Bd4 Rad8 17. Bxf6 Qxf6 18. Qxf6 gxf6 19. b4 Na6 20. a3 Nc7
21. Rad1 f5 22. f4 Kg7 23. Re3 Rxd1+ 24. Nxd1 Rd8 25. Rg3+ Kf6 26. Ne3 Rd2 27. Kf1 Rd4 28. Rf3 Nd5 29. g3 Rd2 30. Nxd5+ Rxd5
31. Ke2 h5 32. h4 e5 33. fxe5+ Kxe5 34. Re3+ Kd6 35. c4 Rd4 36. Rd3 Ke5 37. Re3+ Kd6 38. Rc3 f4 39. Kf3 fxg3 40. Kxg3 Rg4+
41. Kh3 f5 42. c5+ bxc5 43. Rxc5 f4 44. Rg5 Rxg5 45. hxg5 Ke6 46. b5 Kf5 47. a4 Kxg5 48. a5 Kf5 49. b6 axb6 50. axb6 f3
51. b7 h4 52. b8=Q f2 53. Qf8+ Ke4 54. Qxf2 Ke5 55. Qxh4 Kf5 56. Kg3 Ke5 57. Kf3 Kd5 58. Qe4+ Kd6 59. Kf4 Kc5 60. Ke5 Kb6
61. Qc4 Kb7 62. Kd6 Kb6 63. Qc5+ Kb7 64. Qb5+ Ka7 65. Kc7 Ka8 66. Qb7#
1-0

[Event "Snorlax # 6"]
[Site "SchemingMind.com"]
[Date "2008.09.22"]
[Round "-"]
[White "mooch"]
[Black "admiradordebrahms"]
[Result "1-0"]
[WhiteCountry "ENG"]
[BlackCountry "COL"]
[WhiteElo "1800"]
[WhiteRD "74"]
[BlackElo "1824"]
[BlackRD "96"]
[GameID "172057"]

1. e4 d5 2. exd5 Qxd5 3. Nc3 Qa5 4. Bc4 Nf6 5. d3 c6 6. Nf3 e6 7. a3 b5 8. Bb3 Bd6 9. O-O O-O 10. Re1 Re8
11. Bd2 a6 12. Ne4 Qc7 13. Nxd6 Qxd6 14. h3 c5 15. Bc3 Nbd7 16. Ne5 Nxe5 17. Bxe5 Qe7 18. c3 Nd7 19. d4 Nxe5 20. Rxe5 c4
21. Bc2 Bb7 22. Qg4 Qf6 23. Rae1 h6 24. Be4 Bxe4 25. Qxe4 Rad8 26. Qc6 Ra8 27. d5 Rec8 28. Qb6 Rcb8 29. Qd4 Rd8 30. d6 Rd7
31. Rd1 Rc8 32. Rc5 Qxd4 33. Rxc8+
1-0

[Event "Snorlax # 6"]
[Site "SchemingMind.com"]
[Date "2008.09.21"]
[Round "-"]
[White "Negrito19"]
[Black "mooch"]
[Result "0-1"]
[WhiteCountry "ARG"]
[BlackCountry "ENG"]
[WhiteElo "1611"]
[WhiteRD "67"]
[BlackElo "1800"]
[BlackRD "74"]
[GameID "172058"]

1. e4 e6 2. d4 d5 3. e5 c5 4. c4 cxd4 5. Qxd4 Nc6 6. Qf4 d4 7. Bd3 Qa5+ 8. Bd2 Qxe5+ 9. Qxe5 Nxe5 10. Be2 b6
11. Bf4 Ng6 12. Bg3 Bb7 13. Bf3 Bxf3 14. Nxf3 Bc5 15. a3 a5 16. Nbd2 N8e7 17. O-O Nf5 18. Ne4 Nxg3 19. Nxg3 O-O 20. Rad1 Rad8
21. Ne2 e5 22. g3 f5 23. Ng5 Rf6 24. h4 h6 25. Nf3 e4 26. Nfxd4 Bxd4 27. Nxd4 Ne5 28. f4 exf3 29. Nxf3 Nxf3+ 30. Rxf3 Rxd1+
31. Kh2 Rd2+ 32. Kh3 Rxb2 33. Rc3 Re6 34. g4 fxg4+ 35. Kxg4 Rc6 36. Kf5 Rh2 37. Kg4 Rg6+ 38. Kf5 Kf7 39. c5 bxc5 40. Rxc5 Rf6+
41. Ke5 Re2+ 42. Kd5 Rf5+ 43. Kc6 Rxc5+ 44. Kxc5 Re3 45. Kb5 Rxa3 46. Kc4 g5 47. hxg5 hxg5 48. Kd4 g4 49. Ke4 g3 50. Kf4 g2
0-1

[Event "Snorlax # 6"]
[Site "SchemingMind.com"]
[Date "2008.09.21"]
[Round "-"]
[White "chessleon"]
[Black "mooch"]
[Result "1/2-1/2"]
[WhiteCountry "NED"]
[BlackCountry "ENG"]
[WhiteElo "1590"]
[WhiteRD "75"]
[BlackElo "1800"]
[BlackRD "74"]
[GameID "172060"]

1. e4 e6 2. d4 d5 3. Nd2 c5 4. exd5 Qxd5 5. dxc5 Bxc5 6. Ngf3 b6 7. Bc4 Qd7 8. O-O b5 9. Bb3 Nc6 10. Qe2 Nf6
11. Qxb5 Bb6 12. Ba4 Bb7 13. Nc4 Bd8 14. Be3 a6 15. Qg5 O-O 16. Rad1 Nd5 17. Bxc6 Qxc6 18. Qg4 f5 19. Qd4 Nxe3 20. Nxe3 Bf6
21. Qb4 Qb5 22. Qxb5 axb5 23. b3 Bxf3 24. gxf3 Rxa2 25. Rd6 Re8 26. Rb6= f4 27. Ng4 Bd4 28. Rxb5 Rxc2 29. Rd1 Rd8 30. Re1 Re8
31. h4 Rc5 32. Rxc5 Bxc5 33. Ne5 Bd4 34. Nc4 e5 35. b4 Re6 36. b5 Kf7 37. b6 Bxb6 38. Nxb6 Rxb6 39. Rxe5 Rf6 40. Kh2 h6
41. Kh3 g6 42. Kg4 h5+ 43. Kh3 Rd6 44. Re4 Rf6 45. Kg2 Rf5 46. Kh3 Kf6 47. Kg2 g5 48. hxg5+ Kxg5 49. Kh3 Rd5 50. Re8 Rf5
51. Rg8+ Kh6 52. Kh4=
1/2-1/2

[Event "Snorlax # 6"]
[Site "SchemingMind.com"]
[Date "2008.09.21"]
[Round "-"]
[White "Joe Daudish"]
[Black "mooch"]
[Result "1-0"]
[WhiteCountry "USA"]
[BlackCountry "ENG"]
[WhiteElo "1759"]
[WhiteRD "45"]
[BlackElo "1800"]
[BlackRD "74"]
[GameID "172061"]

1. d4 d5 2. Nf3 Bf5 3. Bf4 e6 4. e3 Nd7 5. Bd3 Bg6 6. O-O c5 7. c3 c4 8. Bxg6 hxg6 9. Nbd2 f6 10. e4 Nb6
11. exd5 Qxd5 12. Re1 Kf7 13. a4 a5 14. Qe2 Rc8 15. Ne4 g5 16. Bg3 Nh6 17. h3 Nf5 18. Bh2 Nd6 19. Nxd6+ Bxd6 20. Qe4 Bxh2+
21. Nxh2 Qd7 22. Nf3 Qd5 23. Qc2 Rh5 24. Nh2 Rch8 25. Re3 Nd7 26. Rae1 Re8 27. Ng4 b6 28. f3 Nf8 29. Qe4 Qxe4 30. fxe4 Ng6
31. Rb1 f5 32. exf5 exf5 33. Rxe8 Kxe8 34. Ne3 Ne7 35. Nxc4 Rh6 36. Kf2 Nd5 37. Ne3 Nxe3 38. Kxe3 Rh4 39. Re1 Kd7 40. Kf3 g6
41. Re5 Rf4+ 42. Ke2 Kc6 43. g3 Re4+ 44. Rxe4 fxe4 45. c4 g4 46. h4 Kd6 47. Ke3 Ke6 48. Kxe4 Kd6 49. b3
1-0

[Event "Snorlax # 6"]
[Site "SchemingMind.com"]
[Date "2008.09.25"]
[Round "-"]
[White "admiradordebrahms"]
[Black "mooch"]
[Result "1-0"]
[WhiteCountry "COL"]
[BlackCountry "ENG"]
[WhiteElo "1824"]
[WhiteRD "96"]
[BlackElo "1800"]
[BlackRD "74"]
[GameID "172062"]

1. e4 e5 2. Nf3 Nc6 3. Bb5 d6 4. d4 exd4 5. Nxd4 Bd7 6. O-O Nxd4 7. Bxd7+ Qxd7 8. Qxd4 Ne7 9. Nc3 Nc6 10. Qd3 O-O-O
11. Bf4 Be7 12. h3 h6 13. Nd5 g5 14. Nxe7+ Qxe7 15. Bd2 Rhe8 16. Rfe1 a6 17. a4 Ne5 18. Qd4 Kb8 19. a5 Qf6 20. Qc3 Qg6
21. Re3 f6 22. Ra3 Nc6 23. Qc4 Re7 24. b4 Ka8 25. b5 axb5 26. Qxb5 Rxe4 27. Rab3 Rb8 28. a6 Nd8 29. Qd7 Rxe3 30. axb7+ Nxb7
31. Qa4+
1-0

[Event "Snorlax # 6"]
[Site "SchemingMind.com"]
[Date "2008.09.21"]
[Round "-"]
[White "keen"]
[Black "mooch"]
[Result "0-1"]
[WhiteCountry "SCO"]
[BlackCountry "ENG"]
[WhiteElo "1814"]
[WhiteRD "56"]
[BlackElo "1800"]
[BlackRD "74"]
[GameID "172136"]

1. d4 d5 2. e3 Bf5 3. c4 c6 4. Nf3 e6 5. Nc3 Nd7 6. cxd5 exd5 7. Bd3 Bxd3 8. Qxd3 Ngf6 9. O-O Bd6 10. e4 dxe4
11. Nxe4 Nxe4 12. Qxe4+ Qe7 13. Qf5 O-O-O 14. Re1 Qf6 15. Qc2 h6 16. d5 Ne5 17. Nxe5 Bxe5 18. dxc6 bxc6 19. Be3 Rd7 20. Qa4 Bd4
21. Qa6+ Kb8 22. Rad1 Rhd8 23. Rd3 Bxe3 24. Rb3+ Bb6 25. Rf3 Qxb2 26. Qc4 Rd1 27. Qf4+ Ka8 28. Qe4 Rxe1+ 29. Qxe1 Qxa2 30. Qc1 Qd5
31. h3 f6 32. Qc3 Kb7 33. Rg3 Qd1+ 34. Kh2 Bc7 35. Qb4+ Ka8 36. f4 g5 37. Qe7 Bxf4 38. Qxf6 Bxg3+ 39. Kxg3 Qd6+
0-1

[Event "Snorlax # 6"]
[Site "SchemingMind.com"]
[Date "2008.09.22"]
[Round "-"]
[White "keen"]
[Black "Negrito19"]
[Result "1-0"]
[WhiteCountry "SCO"]
[BlackCountry "ARG"]
[WhiteElo "1740"]
[WhiteRD "57"]
[BlackElo "1608"]
[BlackRD "66"]
[GameID "172137"]

1. d4 d5 2. e3 Nf6 3. Bd3 Nc6 4. Nd2 e5 5. dxe5 Nxe5 6. Be2 a6 7. Ngf3 Nc6 8. O-O Be6 9. Ng5 h6 10. Nxe6 fxe6
11. Nf3 Bd6 12. c4 b5 13. cxb5 Ne5 14. Nd4 c5 15. Nxe6 Qd7 16. Nf4 O-O 17. bxa6 c4 18. Nxd5 Rxa6 19. Nxf6+ Rxf6 20. Qd5+ Kh8
21. b3 Rc6 22. bxc4 Rc5 23. Qe4 Ng6 24. Bb2 Be5 25. Rad1 Qc7 26. Bxe5 Rxe5 27. Qd4 Kh7 28. Bd3 Rh5 29. g3 Rd6 30. Bxg6+ Rxg6
31. Qe4 Re5 32. Qc2 h5 33. Rd4 Kh6 34. Qd2 h4 35. Rxh4+ Rh5 36. e4+ Rg5 37. Rxh5+ Kxh5 38. Qe2+ Kg6 39. Qd3 Kf7 40. Rd1 Ra5
41. Qd7+ Qxd7 42. Rxd7+ Kf6 43. Rd2 Ra4 44. Rc2 Ke5 45. f3 Kd4 46. Kf1 Kd3 47. Re2 Rxc4 48. Kf2 Ra4 49. e5 Ra7 50. e6 Kd4
51. e7 Ra8 52. e8=Q Rxe8 53. Rxe8 Kd5 54. a4 Kc6 55. Re7 g5 56. Rg7 Kc5 57. Rxg5+ Kb6 58. f4 Kc6 59. h4 Kd6 60. a5 Kc6
61. h5 Kc7 62. h6
1-0